Nuevos Enfoques, viejos problemas: reflexión crítica sobre la nueva historia /

Gorde:
Xehetasun bibliografikoak
Egile nagusia: García, Gervasio Luis
Egile korporatiboa: CEREP, Centro de Estudios de la Realidad Puertorriqueña
Formatua: Texto
Argitaratua: San Juan: CEREP
Etiketak: Etiketa erantsi
Etiketarik gabe, Izan zaitez lehena erregistro honi etiketa jartzen!

MARC

LEADER 00000 a a2200000 04500
001 23580
003
040
090 |a 164900  
100 |a García, Gervasio Luis  
110 |a CEREP  
245 |a Nuevos Enfoques, viejos problemas: reflexión crítica sobre la nueva historia /  |c CEREP  
260 |a San Juan:   |b CEREP  
300 |a 18 p  
710 |a Centro de Estudios de la Realidad Puertorriqueña  
999 |c 10574  |d 10574